Excavaciones en la necrópoli celtibérica del Altillo de Cerropozo, Atienza (Guadalajara) (Record no. 181802)

MARC details
000 -LEADER
campo de control de longitud fija 01059nam a2200217 i 4500
001 - NÚMERO DE CONTROL
campo de control 181802
003 - IDENTIFICADOR DE NÚMERO DE CONTROL
campo de control ES-MaACL
005 - FECHA Y HORA DE LA ÚLTIMA TRANSACCIÓN
campo de control 20260203063034.0
008 - DATOS DE LONGITUD FIJA--INFORMACIÓN GENERAL
campo de control de longitud fija 130327s1930 sp | |||| ||spa d
080 ## - NÚMERO DE LA CLASIFICACIÓN DECIMAL UNIVERSAL
Número de la Clasificación Decimal Universal 904(460.281):7.031.3
100 1# - ENTRADA PRINCIPAL--NOMBRE DE PERSONA
Nombre de persona Cabré Aguiló, Juan,
Fechas asociadas al nombre 1882-1947
9 (RLIN) 33266
245 10 - MENCIÓN DEL TÍTULO
Título Excavaciones en la necrópoli celtibérica del Altillo de Cerropozo, Atienza (Guadalajara)
Resto del título : practicadas bajo la dirección de Don Juan Cabré, con la cooperación de Don Justo Juberías : memoria redactada /
Mención de responsabilidad, etc. por Juan Cabré Aguiló.
260 ## - PUBLICACIÓN, DISTRIBUCIÓN, ETC.
Lugar de publicación, distribución, etc. Madrid :
Nombre del editor, distribuidor, etc. [s.n.],
Fecha de publicación, distribución, etc. 1930 (
Fabricante Tipografía de Archivos)
300 ## - DESCRIPCIÓN FÍSICA
Extensión 40 p., XX h. de lám. ;
Dimensiones 24 cm.
490 1# - MENCIÓN DE SERIE
Mención de serie Junta Superior de Excavaciones y Antigüedades ;
Designación de volumen o secuencia n. 105 = n. 1, 1929
651 #4 - PUNTO DE ACCESO ADICIONAL DE MATERIA--NOMBRE GEOGRÁFICO
Nombre geográfico Guadalajara (Provincia)-
Subdivisión general Restos arqueológicos.
9 (RLIN) 152537
710 2# - ENTRADA AGREGADA--NOMBRE DE ENTIDAD CORPORATIVA
Nombre de entidad corporativa o nombre de jurisdicción como elemento de entrada España.
Unidad subordinada Junta Superior de Excavaciones y Antigüedades.
9 (RLIN) 152463
830 0# - PUNTO DE ACCESO ADICIONAL DE SERIE-TÍTULO UNIFORME
Título uniforme Junta Superior de Excavaciones y Antigüedades ;
Designación de volumen o secuencia n. 105 = n. 1, 1929
9 (RLIN) 191570
852 ## - LOCALIZACIÓN
Ubicación ES-MaACL
Número de control de estantería E-3378(1)
Holdings
Estatus retirado Estado de pérdida Estado de daño No para préstamo Biblioteca de origen Biblioteca actual Ubicación en estantería Fecha de adquisición Fuente de adquisición Total de préstamos Signatura topográfica completa Código de barras Visto por última vez Precio de reemplazo Tipo de ítem Koha
        Biblioteca del Ateneo de Madrid Biblioteca del Ateneo de Madrid Depósito 2 27/03/2013     E-3378(1) 1191052 23/02/2023 23/02/2023 Libro impreso